000 00806nam a2200241 4500
003 OSt
005 20240620071725.0
006 a
008 240620b |||||||| |||| 00| 0 eng d
020 _a9780470902592
040 _aDWCL-Main lib.
_cOC
082 _2Third edition
_aCirc. 025.04 G766s 2011
100 _aGrappone, Jennifer
245 _aSearch engine optimization : an hour a day /
250 _aThird edition
260 _aCanada :
_bWiley Pub.,
_cc2011.
300 _axxiii,
_b408 p. : col. ill. ;
_c23 cm.
504 _aIncludes index.
650 _a1. Internet searching–Handbooks, manuals, etc.
650 _a2. Web search engines–Handbooks, manuals, etc.
650 _a3. Computer network resources–Handbooks, manuals, etc.
942 _2ddc
_n0
_cBK-CIRC
_eThird edition
_kCirc.
999 _c1000
_d1000